Normal view
MARC view
- Hughston, L. P
Entry Personal Name
001 - CONTROL NUMBER
- control field: 125434
003 - CONTROL NUMBER IDENTIFIER
- control field: NUST
005 - DATE AND TIME OF LATEST TRANSACTION
- control field: 20240828125232.0
008 - FIXED-LENGTH DATA ELEMENTS
- fixed length control field: 240828|| aca||aabn | a|a d
040 ## - CATALOGING SOURCE
- Original cataloging agency: NUST
- Transcribing agency: NUST
100 ## - HEADING--PERSONAL NAME
- Personal name: Hughston, L. P
670 ## - SOURCE DATA FOUND
- Source citation: Work cat.: (NUST): Hughston, L. P. , An Introduction to General Relativity, 2000.
